Energetické otázky EÚ

Európska únia ako jeden z najväčších dovozcov ropy, zemného plynu a uhlia. Energetická závislosť krajín EÚ na dovoze. Pojem energetická bezpečnosť. Rusko ako najväčší samostatný dodávateľ ropy a plynu do EÚ. Spoľahlivosť dodávok. Ropovody na území SR. Energetický dialóg EÚ a Ruska. Európska závislos...

Descrizione completa

Salvato in:
Dettagli Bibliografici
Autore principale: Fabuš, Michal
Natura: Capitolo di libro
Lingua:slovacco
Soggetti:
Tags: Aggiungi Tag
Nessun Tag, puoi essere il primo ad aggiungerne!!

MARC

LEADER 00000nla$a2200000$$$4500
001 0056642
005 20240522071213.1
041 0 |a slo 
044 |a CZ 
245 1 0 |a Energetické otázky EÚ  |c Michal Fabuš ml. 
520 |a Európska únia ako jeden z najväčších dovozcov ropy, zemného plynu a uhlia. Energetická závislosť krajín EÚ na dovoze. Pojem energetická bezpečnosť. Rusko ako najväčší samostatný dodávateľ ropy a plynu do EÚ. Spoľahlivosť dodávok. Ropovody na území SR. Energetický dialóg EÚ a Ruska. Európska závislosť a návrhy riešenia. 
610 2 0 |a energia 
610 2 0 |a bezpečnosť 
610 2 0 |a energetika 
610 2 0 |a zdroje energie obnoviteľné 
610 2 0 |a suroviny nerastné 
610 2 0 |a ropa 
610 2 0 |a ropovody 
610 2 0 |a dovoz 
610 2 0 |a Európska únia 
610 2 0 |a Rusko 
100 1 |a Fabuš, Michal